Geometry Dash - Statistics

General Stats
  • This quiz has been taken 11 times
  • The average score is 14 of 25
Answer Stats
Difficulty of clue Clue Player % Correct
Hard Verifier of Subsuming Vortex Cursed
100%
Auto Verifier of upcoming Top 1 Grief Doggie
100%
Easy The Bounty Hunter Trick
100%
Easy Current highest-ranked player under 18 wPopoff
100%
Auto Held #1 on Pointercrate for over 1000 total days Zoink
100%
Hard Verifier of Flamewall CuatrocientosYT
83%
Normal Closest to beating Thinking Space II with 89% Netermind
83%
Insane Player with only 2 characters in their nickname A6
67%
Harder Verifier of BOOBAWAMBA eastshark
67%
Hard Demon First Tidal Wave victor to not die at 95% mindzdraf
67%
Insane Ranked #10 in the world Taiago
67%
Normal Highest-ranked player outside of the USA zLevii
67%
Extreme Demon Only unmentioned Nullscapes victor Hover
33%
Medium Demon Player with a 4-letter nickname from North America Hqmy
33%
Insane 7th victor of Tidal Wave JesseGamingGD
33%
Easy Demon Highest-ranked European player kloone
33%
Easy Demon Highest-ranked German player Mizukii
33%
Insane Demon Verifier of The Salt Factory Nickname09
33%
Extreme Demon Player with a 4-letter nickname from South America pizi
33%
Medium Demon Highest-ranked Canadian player Slaughter
33%
Insane Demon Highest-ranked Kazakh player teraaa
33%
Harder Highest-ranked Russian player Vorten
33%
Medium Demon Highest-ranked victor of Nullscapes w3rty
33%
Extreme Demon Unscramble "eynold" donley
17%
Hard Demon Only unmentioned Top 10 player Thnnder
17%
No matching quizzes found
Score Distribution
Percent of People with Each Score
Percentile by Number Answered
Your Score History
You have not taken this quiz